Carnets de la drôle de guerre : Septembre 1939-Mars 1940
Saved in:
| Main Author: | |
|---|---|
| Other Authors: | |
| Format: | Book |
| Language: | French |
| Published: |
[Paris] :
Gallimard,
c1995.
|
| Edition: | Nouv. éd., augm. d'un carnet inédit. |
| Subjects: | |
| Tags: |
Add Tag
No Tags, Be the first to tag this record!
|
MARC
| LEADER | 00000nam a2200000 a 4500 | ||
|---|---|---|---|
| 001 | 1/126467 | ||
| 008 | 230427s1995####fr | ||| |||| ||fre|| | ||
| 020 | |a 9782070737802 | ||
| 040 | |a GR-MyUa |b gre |c GR-MyUa |e AACR2 | ||
| 041 | 0 | |a fre | |
| 082 | 7 | |a 848.91403 |2 (23) | |
| 100 | 1 | |a Sartre, Jean-Paul, |d 1905-1980. | |
| 245 | 1 | 0 | |a Carnets de la drôle de guerre : |b Septembre 1939-Mars 1940 / |c Jean-Paul Sartre ; texte établi et annoté par Arlette Elkaïm-Sartre. |
| 250 | |a Nouv. éd., augm. d'un carnet inédit. | ||
| 260 | |a [Paris] : |b Gallimard, |c c1995. | ||
| 300 | |a 673 σ. ; |c 21 εκ. | ||
| 504 | |a Περιλαμβάνει βιβλιογραφικές παραπομπές, ευρετήριο ονομάτων και σημειώσεις. | ||
| 650 | 0 | |a Authors, French |y 20th century |x Diaries. | |
| 650 | 0 | |a World War, 1939-1945 |z France. | |
| 650 | 0 | |a World War, 1939-1945 |v Personal narratives, French. | |
| 700 | 1 | |a Elkaim-Sartre, Arlette, |e cwtf | |
| 852 | |a INST |b RHODES |e 20230427 |h 848.91403 SAR |p 005400043509 |q 005400043509 |t BK |y 0 | ||
| 970 | |z 27-04-2023 | ||